Statistics for Beta Squad in 1 minute

Click here to take the quiz!

General Stats

  • This quiz has been taken 226 times
  • The average score is 4 of 5

Answer Stats

Answer% Correct
Sharky
99%
Chunkz
94%
Kenny
91%
AJ Shabeel
75%
Niko Omilana
70%

Score Distribution

Percentile by Number Answered

Percent of People with Each Score

Your Score History

You have not taken this quiz